LIBRARY & INFORMATION CENTRE, KCAET, TAVANUR

ONLINE PUBLIC ACCESS CATALOGUE (OPAC)

J C Kumarappa and his quest for world peace / (Record no. 1074)

MARC details
000 -LEADER
fixed length control field 00465cam a2200181ua 4500
041 ## - LANGUAGE CODE
Language code of text/sound track or separate title eng
082 ## - DEWEY DECIMAL CLASSIFICATION NUMBER
Classification number 320.58
Item number VIN/KU
100 ## - MAIN ENTRY--AUTHOR NAME
Personal name Vinaik, M .
245 ## - TITLE STATEMENT
Title J C Kumarappa and his quest for world peace /
260 ## - PUBLICATION, DISTRIBUTION, ETC. (IMPRINT)
Place of publication Ahmadabad :
Name of publisher Navajivan publishing house ,
Year of publication 1956.
300 ## - PHYSICAL DESCRIPTION
Number of Pages 171 ; .
650 ## - SUBJECT ADDED ENTRY--TOPICAL TERM
Topical Term Gandhiana
942 ## - ADDED ENTRY ELEMENTS (KOHA)
Koha item type Books
Holdings
Withdrawn status Lost status Damaged status Home library Current library Date acquired Full call number Accession Number Koha item type
Withdrawn     KAUAET Malayalam University 07/04/2012 320.58 2433 Books
free website counter